| 000 | 01001nam a2200205Ia 4500 | ||
|---|---|---|---|
| 003 | Ost | ||
| 005 | 20260507075043.0 | ||
| 008 | 260507s9999||||xx |||||||||||||| ||und|| | ||
| 040 | _cfsecg | ||
| 041 | _aara | ||
| 082 | _a330 | ||
| 100 |
_aعثمان، سعيد عبد العزيز _eمؤلف |
||
| 245 | 0 |
_aالنظم الضريبية : _bمدخل تحليلي وتطبيقي / _c سعيد عبد العزيز عثمان |
|
| 260 |
_aالاسكندرية: _bمكتبة ومطبعة الاشعاع الفنية, _c[دون تاريخ] |
||
| 300 |
_a417 صفحة؛ _bإيضاحات ؛ _c24 سم |
||
| 520 | _aالإطار العام للمنظمة الضريبية، دور النظام الضريبي في تحقيق أهداف المجتمع، دور النظام الضريبي في تحقيق عدالة توزيع الدخل، النظام الضريبي الأمريكي، النظام الضريبي المصري | ||
| 653 | _aالضريبة | ||
| 653 | _aالمجتمع | ||
| 942 | _cكتاب | ||
| 999 |
_c42531 _d42531 |
||